| 000 | 00321nam a2200121Ia 4500 | ||
|---|---|---|---|
| 005 | 20260328104258.0 | ||
| 008 | 260328s9999||||xx |||||||||||||| ||und|| | ||
| 100 | _aGoldberg, Bertrand | ||
| 245 | 0 |
_aArchitecture of Invention / _cBertrand Goldberg |
|
| 260 | _bYale University Press | ||
| 650 | _aARQUITECTURA | ||
| 942 | _cBK | ||
| 999 |
_c10529 _d10529 |
||